000 00694nmc a2200253 a 4500
003 AR-BaBNM
005 20251128202748.0
008 127019s1979 ||||||||||||||000 | spa||
040 _cAR-BaBNM
100 1 _aVillarino, María de
245 1 0 _aMemorias de Buenos Aires
_bnarración de la ciudad desde el nacimiento hasta el siglo XX
260 _aBuenos Aires
_bSudamericana
_c1979
300 _a289 p.
490 0 _aEl espejo
650 4 _aLITERATURA ARGENTINA
650 4 _aENSAYO
650 4 _aHISTORIA DE BUENOS AIRES
650 4 _aCOSTUMBRES Y TRADICIONES
651 4 _aBuenos Aires [Provincia]
653 _aCRONICAS
655 _aLITERATURA
942 _cBK
998 _cLAURA
999 _c448
_d448